[Event "Taubate op 3rd"]
[Site "Taubate"]
[Date "2022.12.04"]
[Round "5"]
[White "Pinho, Pedro Sicchiroli"]
[Black "Eto, Fabio Luis"]
[Result "0-1"]
[WhiteElo "1378"]
[BlackElo "1610"]
[PlyCount "56"]
[EventDate "2022.12.01"]
[EventType "swiss"]
[EventRounds "6"]
[EventCountry "BRA"]
[SourceTitle "CBM 211 Extra"]
[Source "ChessBase"]
[SourceDate "2023.01.31"]
[SourceVersion "1"]
[SourceVersionDate "2023.01.31"]
[SourceQuality "1"]

1. d4 d5 2. c4 c6 3. Nc3 Nf6 4. Bg5 dxc4 5. e4 b5 6. a3 h6 7. Bh4 a6 8. f4 Qa5 9. Bxf6 exf6 10. Nf3 Be7 11. Be2 f5 12. e5 Be6 13. 0-0 0-0 14. Qe1 Qc7 15. Bd1 Nd7 16. Bc2 Nb6 17. Rd1 a5 18. Nh4 g6 19. Rf3 Qd8 20. Rh3 b4 21. axb4 axb4 22. Nb1 Bxh4 23. Rxh4 b3 24. Bd3 Qxd4+ 25. Kh1 cxd3 26. Qg3 Nd5 27. Rxh6 Kg7 28. Rh3 Rh8 0-1